200 Most Popular Baby Girl Names Starting with C (2021) - Statistics

General Stats
  • This quiz has been taken 14,704 times
    10,879 since last reset
  • The average score is 74 of 200
Answer Stats
Name % Correct
Charlette
82%
Charlotte
82%
Carol
81%
Christy
79%
Chloe
78%
Chole
78%
Cloe
78%
Caroline
77%
Carolyn
77%
Catherine
77%
Cami
75%
Charlee
75%
Charleigh
75%
Charley
75%
Charli
75%
Charlie
75%
Charly
75%
Cali
74%
Calli
74%
Callie
74%
Cora
74%
Christina
72%
Cristina
72%
Carrie
71%
Claira
71%
Claire
71%
Clara
71%
Clare
71%
Cara
67%
Camila
65%
Camilla
65%
Christine
65%
Cassie
64%
Carlee
63%
Carleigh
63%
Carley
63%
Carli
63%
Carlie
63%
Carly
63%
Cassandra
63%
Cori
63%
Carla
61%
Caeli
60%
Caleigh
60%
Carolina
60%
Caylee
60%
Cayleigh
60%
Cameran
59%
Cameron
59%
Cameryn
59%
Camryn
59%
Cindy
58%
Camille
56%
Carmen
56%
Carmyn
56%
Cecelia
56%
Cecilia
56%
Coral
56%
Caitlin
55%
Caitlyn
55%
Candace
55%
Candice
55%
Christa
55%
Connie
53%
Cynthia
50%
Cassidy
48%
Chiara
48%
Ciara
48%
Cierra
48%
Cleo
48%
Carina
47%
Chelsea
47%
Chelsey
47%
Corina
47%
Corinna
47%
Casey
46%
Cristal
45%
Crystal
45%
Colleen
44%
Courtney
44%
Celia
43%
Celine
43%
Corinne
43%
Clarissa
41%
Coralynn
41%
Cheryl
39%
Cadence
38%
Caydence
38%
Charis
38%
Claudia
38%
Clementine
38%
Catarina
37%
Caterina
37%
Celeste
37%
Charlene
37%
Celina
36%
Colette
36%
Collette
36%
Codi
35%
Charity
34%
Christian
34%
Constance
34%
Carter
32%
Coraline
32%
Chyna
31%
Catalina
30%
Cheyanne
30%
Cheyenne
30%
Calla
29%
Carmela
28%
Carmella
28%
Carson
28%
Carsyn
28%
Clarice
28%
Charm
27%
Chase
26%
Caia
25%
Carissa
25%
Chaya
25%
Christiana
25%
Ciana
25%
Cianna
25%
Cienna
25%
Calliope
24%
Carlota
24%
Cecily
24%
Clover
24%
Coco
24%
Cooper
24%
Chanel
23%
Camden
22%
Calista
21%
Callista
21%
Camdyn
21%
Camellia
20%
Colbie
20%
Colby
20%
Cordelia
20%
Coralee
19%
Coralie
19%
Capri
18%
Chandler
18%
Cambree
17%
Cambri
17%
Cambrie
17%
Charlize
17%
Caleah
16%
Calia
16%
Caliyah
16%
Catalaya
16%
Cataleya
16%
Cattaleya
16%
Cattleya
16%
Chasity
16%
Collins
16%
Collyns
16%
Cailyn
15%
Cornelia
15%
Cosette
15%
Callan
14%
Chana
14%
Cyra
14%
Cassia
13%
Cedar
13%
Clarke
13%
Campbell
12%
Cove
12%
Cherish
10%
Cambria
9%
Camiyah
9%
Chany
9%
Clarity
8%
Charisma
7%
Chava
7%
Chevelle
7%
Chevy
7%
Channing
6%
Chesney
6%
Cielo
6%
Cohen
6%
Cree
6%
Crimson
6%
Cairo
5%
Caliana
5%
Callahan
5%
Calani
4%
Charleston
4%
Chosen
4%
Choyce
4%
Cirilla
4%
Cypress
4%
Callaway
3%
Camari
3%
Cerenity
3%
Citlali
3%
Cennet
2%
Cing
2%
Conley
2%
Crosby
2%
Cesia
1%
No matching quizzes found
Score Distribution
Percent of People with Each Score
Percentile by Number Answered
Your Score History
You have not taken this quiz since the last reset